| 000 | 00499nam a2200133Ia 4500 | ||
|---|---|---|---|
| 008 | 170221s9999 xx 000 0 und d | ||
| 100 | _aRobert Rainish | ||
| 245 | _aGlobal financial model for the value chain | ||
| 245 | _cRobert Rainish, University of New Haven; Pawel Mensz, University of New Haven; James Mohs, University of New Haven. | ||
| 260 | _bJournal of Management and Marketing Research | ||
| 260 | _c2013 | ||
| 650 | _xBusiness | ||
| 856 | _uhttp://www.aabri.com/manuscripts/141981.pdf | ||
| 999 |
_c309546 _d309546 |
||